Les 10 jeux vidéos les plus joués en 2021 - Statistiques

Statistiques générales
  • Ce quiz a été pris 5 007 fois
  • Le résultat moyen est 3 sur 10
Statistiques - réponses
Joueurs Jeux vidéo % Correct
12,8 millions Fortnite
92%
3 millions Minecraft
71%
8 millions League of Legends
52%
6 millions GTA 5
33%
1 million Apex Legends
32%
1,3 millions Counter-Strike Global Offensive
25%
7 millions Roblox
23%
1 million The Sims 4
3%
8 millions Crossfire
1%
1,2 millions Dungeon Fighter
0%
Aucun quiz correspondant
Distribution des résultats
% des personnes avec chaque résultat
Percentile par nombre de réponses
Votre historique - résultats
Vous n’avez pas pris ce quiz